Agricultural Waste: Environmental Impact, Useful Metabolites and Energy Production (Record no. 52484)

MARC details
000 -LEADER
fixed length control field 00879nam a22002537a 4500
003 - CONTROL NUMBER IDENTIFIER
control field OSt
008 - FIXED-LENGTH DATA ELEMENTS--GENERAL INFORMATION
fixed length control field 260629b |||||||| |||| 00| 0 eng d
020 ## - INTERNATIONAL STANDARD BOOK NUMBER
International Standard Book Number 9789811987731
082 ## - DEWEY DECIMAL CLASSIFICATION NUMBER
Classification number 363.7288
Item number R16A
100 ## - MAIN ENTRY--PERSONAL NAME
Personal name Editers- Ramawat, K.G.
245 ## - TITLE STATEMENT
Title Agricultural Waste: Environmental Impact, Useful Metabolites and Energy Production
Remainder of title Sustainable Development and Biodiversity
Statement of responsibility, etc. Editers- Ramawat, K.G.
250 ## - EDITION STATEMENT
Edition statement Volume-31
260 ## - PUBLICATION, DISTRIBUTION, ETC. (IMPRINT)
Place of publication, distribution, etc Singapore
Name of publisher, distributor, etc Springer Nature
Date of publication, distribution, etc 2023
300 ## - PHYSICAL DESCRIPTION
Extent ix., 589p.
650 ## - SUBJECT ADDED ENTRY--TOPICAL TERM
Topical term or geographic name as entry element Agricultural wastes.
650 ## - SUBJECT ADDED ENTRY--TOPICAL TERM
Topical term or geographic name as entry element Agricultural wastes $x Environmental aspects.
650 ## - SUBJECT ADDED ENTRY--TOPICAL TERM
Topical term or geographic name as entry element Biomass energy.
650 ## - SUBJECT ADDED ENTRY--TOPICAL TERM
Topical term or geographic name as entry element Agricultural wastes $x Recycling.
650 ## - SUBJECT ADDED ENTRY--TOPICAL TERM
Topical term or geographic name as entry element Waste products as fuel
650 ## - SUBJECT ADDED ENTRY--TOPICAL TERM
Topical term or geographic name as entry element Agricultural wastes $x Environmental aspects.
700 ## - ADDED ENTRY--PERSONAL NAME
Personal name Editor- Jean-Michel Mérillon
700 ## - ADDED ENTRY--PERSONAL NAME
Personal name Editor- Jaya Arora
942 ## - ADDED ENTRY ELEMENTS (KOHA)
Source of classification or shelving scheme
Koha item type Books
Holdings
Withdrawn status Lost status Source of classification or shelving scheme Damaged status Not for loan Home library Current library Shelving location Date acquired Source of acquisition Currency Cost, normal purchase price Total Checkouts Full call number Barcode Date last seen Bill Date Koha item type Bill Number
          Dr. Rajendra Prasad Central Agricultural University Pusa, Dr. Rajendra Prasad Central Agricultural University Pusa, General Stacks 29/06/2026 TTPP, New Delhi INR 33496.00   363.7288 R16A 87713 29/06/2026 29/01/2026 Books IN-00449
Hosted, Implemented, Customized & Maintained by: BestBookBuddies

Powered by Koha